000
00282nam a22001337a 4500
008
170207b xxu||||| |||| 00| 0 eng d
020
_a
155903047
041
_a
eng
080
_a
61
100
_a
4
101
_a
SHM
245
_a
BRRAST DISEASE
_c
LAWRENCE BASSETT
942
_2
udc
_c
BK
999
_c
4804
_d
4804